Statistics for Top 100 Biggest Cities in Portugal

Click here to take the quiz!

General Stats

  • This quiz has been taken 99 times
  • The average score is 26 of 100

Answer Stats

#PopulationCity% Correct
1545,796Lisbon
100%
2231,800Porto
99%
6106,655Coimbra
82%
5146,543Braga
81%
1949,360Faro
81%
898,470Setúbal
71%
3188,421Vila Nova de Gaia
67%
2640,373Évora
66%
7105,590Funchal
66%
4171,454Amadora
58%
1462,130Aveiro
55%
5022,851Bragança
55%
2243,810Portimão
53%
4327,370Vila Real
53%
1754,750Guimarães
52%
1854,540Leiria
51%
5222,260Beja
49%
1560,570Viseu
49%
6119,790Lagos
45%
3729,790Santarém
42%
985,851Almada
41%
3333,450Castelo Branco
40%
3137,860Viana do Castelo
40%
5421,290Albufeira
38%
4825,182Guarda
37%
2840,050Ponta Delgada
37%
7613,960Portalegre
36%
2049,034Matosinhos
34%
8512,338Sines
34%
5521,210Chaves
33%
7414,324Elvas
30%
1362,860Barreiro
27%
7114,890Loulé
26%
4227,790Caldas da Rainha
23%
3829,690Figueira da Foz
23%
1658,170Odivelas
23%
4128,310Olhão
23%
6616,980Ovar
23%
8113,302Peniche
23%
1173,047Queluz
23%
7913,762Tavira
23%
7713,882Tomar
23%
3431,950Covilhã
22%
5621,011Espinho
22%
2540,534Maia
22%
1081,006Agualva-Cacém
21%
2146,246Loures
21%
2740,130Montijo
21%
8911,890Pombal
21%
1265,469Rio Tinto
21%
5820,723Barcelos
19%
6716,270Vila Franca de Xira
19%
3629,850Seixal
18%
6219,680Torres Vedras
18%
3235,770Vila Nova de Famalicão
18%
7314,360Águeda
16%
9211,180Vila Real de Santo António
16%
6020,141Entroncamento
15%
3929,328Vila do Conde
15%
6417,199Abrantes
14%
6815,455Fafe
14%
2341,206Póvoa de Varzim
14%
2939,576Santa Maria da Feira
14%
4426,959Santo Tirso
14%
2441,140Amora
12%
9810,640Ílhavo
12%
7214,530Paços de Ferreira
12%
8612,330Torres Novas
12%
9411,072Vizela
12%
3038,570Ermesinde
11%
10010,420Penafiel
11%
6317,500Quarteira
11%
6517,099Trofa
11%
4725,530Valongo
11%
8712,120Amarante
10%
4526,669Gondomar
10%
9510,911Mirandela
10%
6915,449Oliveira de Azeméis
10%
8811,922Esmoriz
7%
9710,824Esposende
7%
9311,078Lamego
7%
9610,860Marinha Grande
7%
5322,143São João da Madeira
7%
7513,960Câmara de Lobos
5%
8313,031Costa da Caparica
5%
7014,927Felgueiras
5%
5920,586Paredes
5%
4924,672Sacavém
5%
9111,552Almeirim
4%
3530,930Alverca do Ribatejo
4%
5720,800Caniço
4%
9910,552Cartaxo
4%
8213,260Gafanha da Nazaré
3%
8412,590Ribeira Grande
3%
5122,844São Mamede de Infesta
3%
4626,088Senhora da Hora
3%
4029,170Póvoa de Santa Iria
1%
9011,736Samora Correia
1%
7813,803Valbom
1%
8013,670Alfena
0%

Score Distribution

Percentile by Number Answered

Percent of People with Each Score

Your Score History

You have not taken this quiz